Higher ambition : How great leaders creat economic and social value.

Higher Ambition is required reading for every leader who refuses to compromise between people and performance. Choosing one or the other may have worked in the past, but it won’t work now. As global competition stiffens and businesses face increased public scrutiny and renewed government regulation,...

Full beskrivning

Sparad:
Bibliografiska uppgifter
Materialtyp: Bok
Språk:Undetermined
Publicerad: Boston Harvard Business 2011
Ämnen:
Taggar: Lägg till en tagg
Inga taggar, Lägg till första taggen!
Thư viện lưu trữ: Trung tâm Học liệu Trường Đại học Cần Thơ
LEADER 01181nam a2200205Ia 4500
001 CTU_209866
008 210402s9999 xx 000 0 und d
020 |c 29.3 
082 |a 658.4092 
082 |b H638 
245 0 |a Higher ambition : 
245 0 |b How great leaders creat economic and social value. 
245 0 |c Michael Beer ... [et al.] 
260 |a Boston 
260 |b Harvard Business 
260 |c 2011 
520 |a Higher Ambition is required reading for every leader who refuses to compromise between people and performance. Choosing one or the other may have worked in the past, but it won’t work now. As global competition stiffens and businesses face increased public scrutiny and renewed government regulation, leaders must win on all fronts—with their people, their customers, their communities, and their shareholders. In short, they must deliver superior economic and social value. 
650 |a Lãnh đạo,Leadership,Strategic planning,Success in business,Lập kế hoạch chiến lược,Thành công trong kinh doanh 
904 |i Trần Thị Hồng Ngọc, Tuyến 
980 |a Trung tâm Học liệu Trường Đại học Cần Thơ